LEADER 01241nam 2200421 450 001 9910502993103321 005 20220611105539.0 010 $a981-15-7431-6 035 $a(CKB)4100000012024294 035 $a(MiAaPQ)EBC6721297 035 $a(Au-PeEL)EBL6721297 035 $a(OCoLC)1267586449 035 $a(PPN)259459321 035 $a(EXLCZ)994100000012024294 100 $a20220611d2021 uy 0 101 0 $aeng 135 $aurcnu|||||||| 181 $ctxt$2rdacontent 182 $cc$2rdamedia 183 $acr$2rdacarrier 200 00$aChina's solution for precise poverty alleviation $ethe case of Guizhou /$fGuiyang Poverty Alleviation Office 210 1$aSingapore :$cSpringer,$d[2021] 210 4$dİ2021 215 $a1 online resource (214 pages) 311 $a981-15-7430-8 606 $aPoverty$xGovernment policy$zChina 606 $aPoverty$zChina 615 0$aPoverty$xGovernment policy 615 0$aPoverty 676 $a339.460951 712 02$aGuiyang Poverty Alleviation Office, 801 0$bMiAaPQ 801 1$bMiAaPQ 801 2$bMiAaPQ 906 $aBOOK 912 $a9910502993103321 996 $aChina's Solution for Precise Poverty Alleviation$92556260 997 $aUNINA